000 00709nam a2200229 a 4500
001 22357
003 CO-ViMGA
008 141112s2004 ck r 000 u spa d
020 _a9789583017292
040 _aCO-ViMGA
_bspa
_cCO-ViMGA
082 0 4 _aNIÑs
100 1 _aNiño, Jairo Anibal
_92482
245 1 0 _aSana, Sana, Colita de rana
260 _aSantafé de Bogotá :
_bPanAméricana,
_c2005
300 _a47
490 _aQue pase el tren
590 _aForma de adquisición : DONACION - - Precio : 15.000 - - Fecha de adquisición : FEBRERO 2008
650 1 4 _aCUENTOS JUVENILES COLOMBIANOS
_99
650 1 4 _aMEDICOS - POESIAS
_931716
650 1 4 _aMEDICOS CUENTOS JUVENILES
_931717
942 _2ddc
_cBK
999 _c3229
_d3229